000 00547nam a2200217Ia 4500
003 OSt
005 20221005121017.0
006 a|||||r|||| 00| 0
007 ta
008 221004b |||||||| |||| 00| 0 tel d
024 _a39517
037 _cTextual
040 _aCRL
_cCRL
_btel
041 _2tel
_atel
082 _aV2:51xM69w, 35L4
100 _aRadhakrishan
245 0 _aGandhi maha fmudu nurellu
300 _a464p.
_ccm.
942 _hV2:51xM69w, 35L4
_cTEXL
_2cc
999 _c1039833
_d1039833